| Registos Bibliográficos associados ao registo de autoridade |
|
Etiqueta de registo: 00254nam 2200025 450 001 2285848 003 http://id.bnportugal.gov.pt/bib/catbnp/2285848 010 ## $a978-989-9014-43-5 021 ## $aPT$b559080/26 100 ## $a20260506d2026 m y0pory01030103ba 101 0# $apor 102 ## $aPT 105 ## $ay z 000gy 106 ## $ar 200 1# $aDevoluto$fRaquel Serejo Martins$gsel. e pref. Ricardo Marques 210 #9 $aLisboa$cAbysmo,$d2026 215 ## $a87, [1] p.$d19 cm 700 #1 $aMartins,$bRaquel Serejo,$f1974-$31442396 702 #1 $92$aMarques,$bRicardo$4220$31997782 801 #0 $aPT$bBN$gRPC 966 ## $lBN$mFGMON$x1 966 ## $lBN$mFGMON$x1 971 ## $corlando$d20260506
|
|
|